|
|
|
|
| LEADER |
01668nam a2200301 a 4500 |
| 001 |
2156783 |
| 003 |
BD-DhAAL |
| 008 |
090709r1999 nyu bf 001 0 eng d |
| 999 |
|
|
|c 2199
|d 2199
|
| 010 |
|
|
|a 99018319
|
| 020 |
|
|
|a 0873529758 (paper)
|
| 020 |
|
|
|a 8176710245
|
| 040 |
|
|
|a DLC
|c DLC
|
| 082 |
0 |
0 |
|a 808/.027
|2 21
|
| 100 |
1 |
|
|a Gibaldi, Joseph,
|d 1942-
|9 18014
|
| 245 |
1 |
0 |
|a MLA handbook for writers of research papers /
|c Joseph Gibaldi.
|
| 250 |
|
|
|a Fifth edition
|
| 260 |
|
|
|a New York :
|b Modern Language Association of America,
|c 1999.[reprinted]
|
| 300 |
|
|
|a xviii, 332 pages :
|b illustrations ;
|c 24 cm.
|
| 504 |
|
|
|a Includes bibliographical references and index.
|
| 541 |
1 |
|
|e 00014104
|
| 650 |
|
0 |
|a Report writing
|x Handbooks, manuals, etc.
|9 18015
|
| 650 |
|
0 |
|a Research
|x Handbooks, manuals, etc.
|9 18016
|
| 710 |
2 |
|
|a Modern Language Association of America.
|9 18017
|
| 852 |
4 |
|
|a Ayesha Abed Library
|j General Shelf.
|
| 942 |
0 |
0 |
|0 2
|2 ddc
|c 1HOUR
|
| 952 |
|
|
|0 0
|1 0
|2 ddc
|4 0
|6 808_027000000000000_GIB
|7 0
|9 2025
|a BRACUL
|b BRACUL
|c GEN
|d 2009-07-09
|g 187.00
|l 4
|m 15
|o 808.027 GIB
|p 3010014104
|r 2015-01-06
|s 2014-10-23
|t 1
|v 374.00
|w 2009-07-09
|y BK
|x Price available in register book ; The book was placed on a one-hour loan, but since it's not in high demand now, it has been moved to the General Stacks on 22 October 2025.
|
| 952 |
|
|
|0 0
|1 0
|2 ddc
|4 0
|6 808_027000000000000_GIB
|7 0
|9 10589
|a BRACUL
|b BRACUL
|c GEN
|d 2010-05-31
|g 187.00
|l 11
|m 43
|o 808.027 GIB
|p 3010014105
|r 2015-10-19
|s 2015-09-16
|t 2
|w 2010-05-31
|y BK
|x Price available in register book ; The book was placed on a one-hour loan, but since it's not in high demand now, it has been moved to the General Stacks on 22 October 2025.
|